Fadjar kemenangan telah menjingsing. (Record no. 59756)
[ view plain ]
| 000 -LEADER | |
|---|---|
| fixed length control field | 00900cam a22002291 4500 |
| 001 - CONTROL NUMBER | |
| control field | sa 64006532 |
| 003 - CONTROL NUMBER IDENTIFIER | |
| control field | DLC |
| 005 - DATE AND TIME OF LATEST TRANSACTION | |
| control field | 20260227112040.0 |
| 008 - FIXED-LENGTH DATA ELEMENTS--GENERAL INFORMATION | |
| fixed length control field | 890913s1962 io 000 0 ind |
| 010 ## - LIBRARY OF CONGRESS CONTROL NUMBER | |
| LC control number | sa 64006532 |
| 035 ## - SYSTEM CONTROL NUMBER | |
| System control number | (OCoLC)23536483 |
| 040 ## - CATALOGING SOURCE | |
| Original cataloging agency | DLC |
| Transcribing agency | MiU |
| Modifying agency | DLC |
| 041 1# - LANGUAGE CODE | |
| Language code of text/sound track or separate title | ind |
| Language code of original | eng |
| 042 ## - AUTHENTICATION CODE | |
| Authentication code | premarc |
| 050 00 - LIBRARY OF CONGRESS CALL NUMBER | |
| Classification number | DS644.2.1962 |
| Item number | .S93 |
| 100 0# - MAIN ENTRY--PERSONAL NAME | |
| Personal name | Soekarno, |
| Dates associated with a name | 1901-1970. |
| 245 10 - TITLE STATEMENT | |
| Title | Fadjar kemenangan telah menjingsing. |
| Remainder of title | Terdjemahan amanat Presiden jang diutjapkan dalam bahasa Inggeris pada Pembukaan Pertemuan Setiakawan Internasional Mahasiswa untuk Pembebasan Irian Barat dan Komite Eksekutif dari IUS, di Istana Olah Raga Senajan, Djakarta pada tanggal 15 Mei 1962. |
| 260 ## - PUBLICATION, DISTRIBUTION, ETC. | |
| Place of publication, distribution, etc. | [Djakarta] |
| Name of publisher, distributor, etc. | Departemen Penerangan |
| Date of publication, distribution, etc. | [cover 1962] |
| 300 ## - PHYSICAL DESCRIPTION | |
| Extent | 12 p. |
| Dimensions | 22 cm. |
| 500 ## - GENERAL NOTE | |
| General note | "Penerbitan chusus, 208." |
| 500 ## - GENERAL NOTE | |
| General note | Translation of "The Indonesian dawn is approaching." |
No items available.